000 00564nam a2200193Ia 4500
003 OSt
005 20191231154839.0
008 190216s9999||||xx |||||||||||||| ||und||
020 _a8177223852
040 _coclc
082 _a338.5024
_bKEA/M
100 _aKeating, Barry
_9652
245 0 _aManagerial Economics /
_cBarry Keating ; J Holton Wilson
260 _bBizatantra,
_aDelhi:
_c2003.
300 _a726p
650 _aEconomics
700 1 _9704
_aWilson, J. Holton,
_d1942-
942 _cBK
_2ddc
_h338.5024
_iKEA/M
_k338.5024
_mKEA/M
999 _c10750
_d10750